Alun Hidup

Bibliographic Details
Format: Book

MARC

LEADER 00000cam a2200000 7i4500
001 0000009825
002 000010700
005 20000330.0
020 |a 9838520845 
090 0 0 |a F   |b KHA 
245 1 0 |a Alun Hidup 
999 |a 024795   |b BUKU   |c PINJAMAN   |e PERPUSTAKAAN KOMUNITI PETALING JAYA